| 000 | 00361nam a22001577a 4500 | ||
|---|---|---|---|
| 003 | SGT | ||
| 020 | _a9788123904276 | ||
| 082 |
_a612.015 _bGOW |
||
| 100 | _aGOWENLOCK, ALAN H. | ||
| 245 | _aVARLEY'S PRACTICAL CLINICAL BIOCHEMISTRY | ||
| 250 | _a6TH | ||
| 260 |
_aINDIA _bCBS PUB. _c2022 |
||
| 300 | _a1050 | ||
| 650 | _aPHARMACEUTICAL | ||
| 942 |
_2ddc _cBK |
||
| 999 |
_c32999 _d32999 |
||